000 00644nam a2200229Ia 4500
003 OSt
005 20220926045400.0
006 a|||||r|||| 00| 0
007 ta
008 220923b |||||||| |||| 00| 0 eng d
037 _cGeneral Book
040 _aRTL
_cRTL
_beng
041 _2eng
_aeng
082 _aX9(J)b4.2, M3/GD
110 _aIndia, Agricultural Research & Education (Deptt. of-)
_9350152
245 0 _aAnnual Report
260 _c1983
300 _a111p
_ccm.
700 _aIndia, Agricultural Research & Education (Deptt. of-)
_9350153
942 _hX9(J)b4.2, M3/GD
_cGB
_2CC
999 _c677471
_d677471